[Event "Spiltan & Pelaro 2005"]
[Site "?"]
[Date "2005.06.15"]
[Round "5"]
[White "Vesterbaek Pedersen, Nicolai"]
[Black "Landgren, Philip"]
[Result "1-0"]
[WhiteElo "2460"]
[BlackElo "2227"]
[PlyCount "165"]
[EventDate "2005.06.11"]
[SourceDate "2005.06.11"]

1. d4 Nf6 2. c4 e6 3. Nc3 Bb4 4. Qc2 O-O 5. a3 Bxc3+ 6. Qxc3 b6 7. Bg5 Ba6 8.
e3 d6 9. b4 Nbd7 10. Nf3 h6 11. Bh4 Rc8 12. Rd1 d5 13. Be2 Bxc4 14. Bxc4 dxc4
15. Qxc4 c5 16. dxc5 bxc5 17. Bxf6 gxf6 18. O-O Qe7 19. Qf4 Kg7 20. Qg4+ Kh8
21. Qf4 Kg7 22. Nd2 cxb4 23. axb4 Rb8 24. Ne4 Rxb4 25. Qg3+ Kh8 26. Qc7 Rxe4
27. Rxd7 Qe8 28. Qxa7 Rg4 29. Ra1 Kg8 30. h3 Rg6 31. Qc7 f5 32. Ra7 Rg7 33. Qf4
Kh7 34. e4 fxe4 35. Qxe4+ Kg8 36. Qf4 Qb8 37. Qe4 Qb5 38. Rab7 Qg5 39. Rb3 Qg6
40. Qb7 Qf6 41. Rf3 Qg5 42. Re3 Qf6 43. Ra3 Qg5 44. Rc3 Qe5 45. Rc8 Qe1+ 46.
Kh2 Qe5+ 47. g3 Rxc8 48. Qxc8+ Kh7 49. Qc2+ Qf5 50. Qd2 Qg5 51. Qb2 Qf5 52. Rd4
Qe5 53. Qd2 f5 54. Rc4 Rc7 55. Qe3 Qd6 56. Rd4 Qe7 57. Ra4 Qf6 58. Ra5 Re7 59.
Re5 Kg7 60. Rc5 Rf7 61. Qf4 Re7 62. Rc6 Kh7 63. Qd6 f4 64. g4 Kg7 65. Rc8 Rf7
66. Re8 Qb2 67. Qc5 Qf6 68. Qb6 Re7 69. Rd8 f3 70. Qb8 e5 71. Rg8+ Kh7 72. Rf8
Qg7 73. Rxf3 e4 74. Re3 Qf6 75. Qg3 Rf7 76. Kg2 Re7 77. Rb3 Qc6 78. Qe3 Qf6 79.
Rb5 Qe6 80. Rb6 Qe5 81. Qxh6+ Kg8 82. Qg6+ Kh8 83. Rf6 1-0

[Event "Spiltan & Pelaro 2005"]
[Site "?"]
[Date "2005.06.15"]
[Round "5"]
[White "Åkesson, Joel"]
[Black "Groenn, Atle"]
[Result "1-0"]
[WhiteElo "2345"]
[BlackElo "2397"]
[PlyCount "129"]
[EventDate "2005.06.11"]
[SourceDate "2005.06.11"]

1. d4 Nf6 2. c4 g6 3. g3 Bg7 4. Bg2 c5 5. Nf3 Qa5+ 6. Nbd2 cxd4 7. Nxd4 Nc6 8.
N4b3 Qc7 9. O-O d6 10. c5 d5 11. Nb1 O-O 12. Nc3 Rd8 13. Bf4 e5 14. Bg5 Be6 15.
Qc1 Rd7 16. Nb5 Qb8 17. Rd1 d4 18. Nd6 Nd5 19. Bh6 Ndb4 20. Bxg7 Kxg7 21. Nc4
d3 22. Bxc6 Nxc6 23. Rxd3 Rxd3 24. exd3 Qd8 25. Qe3 Qd5 26. Re1 f6 27. f4 Bh3
28. Qe4 Rd8 29. fxe5 fxe5 30. Nxe5 Qxe4 31. Rxe4 Rf8 32. Nd2 Bf5 33. Re1 Nd4
34. g4 Be6 35. Re4 Rd8 36. b3 Kf6 37. Nec4 Nb5 38. g5+ Ke7 39. Re3 Rd5 40. Ne4
Kd8 41. h4 Nd4 42. Ned6 b6 43. b4 bxc5 44. bxc5 Ke7 45. Nc8+ Kd8 46. Nxa7 Rf5
47. Nd6 Rf4 48. Re4 Rxe4 49. dxe4 Bxa2 50. Nab5 Nc6 51. Kf2 Ke7 52. Ke3 Ne5 53.
Nc3 Be6 54. Nd5+ Kd7 55. Nb5 Bh3 56. Nd4 h5 57. Nf4 Bg4 58. Nd3 Nc4+ 59. Kf4
Ke7 60. Ne5 Nxe5 61. Kxe5 Bd7 62. Ne2 Be8 63. Nf4 Kd7 64. Kf6 Kc6 65. Ke7 1-0

[Event "Spiltan & Pelaro 2005"]
[Site "?"]
[Date "2005.06.16"]
[Round "6"]
[White "Landgren, Philip"]
[Black "Åkesson, Joel"]
[Result "1/2-1/2"]
[WhiteElo "2227"]
[BlackElo "2345"]
[PlyCount "34"]
[EventDate "2005.06.11"]
[SourceDate "2005.06.11"]

1. c4 c6 2. e4 d5 3. exd5 cxd5 4. d4 Nf6 5. Nc3 Nc6 6. Nf3 Bg4 7. cxd5 Nxd5 8.
Qb3 Bxf3 9. gxf3 e6 10. Qxb7 Nxd4 11. Bb5+ Nxb5 12. Qc6+ Ke7 13. Qxb5 Qd7 14.
Nxd5+ Qxd5 15. Qxd5 exd5 16. Be3 Ke6 17. O-O-O Bb4 1/2-1/2

[Event "Spiltan & Pelaro 2005"]
[Site "?"]
[Date "2005.06.16"]
[Round "6"]
[White "Rendle, Thomas"]
[Black "Vesterbaek Pedersen, Nicolai"]
[Result "1/2-1/2"]
[WhiteElo "2227"]
[BlackElo "2345"]
[PlyCount "38"]
[EventDate "2005.06.11"]
[SourceDate "2005.06.11"]

1. f4 d5 2. Nf3 Bg4 3. e3 Nd7 4. Be2 Ngf6 5. O-O c6 6. b3 Qc7 7. Bb2 Bxf3 8.
Bxf3 e5 9. fxe5 Nxe5 10. Nc3 Bd6 11. h3 O-O-O 12. d4 Nxf3+ 13. Qxf3 Rhe8 14.
Qf5+ Re6 15. Rf3 Rde8 16. Raf1 Kb8 17. Bc1 h6 18. Ne2 Ka8 19. c4 dxc4 1/2-1/2

[Event "Spiltan & Pelaro 2005"]
[Site "?"]
[Date "2005.06.16"]
[Round "6"]
[White "Sagit, Rauan"]
[Black "Nithander, Victor"]
[Result "1/2-1/2"]
[WhiteElo "2174"]
[BlackElo "2232"]
[PlyCount "113"]
[EventDate "2005.06.11"]
[SourceDate "2005.06.11"]

1. e4 c5 2. c3 d5 3. exd5 Qxd5 4. d4 Nf6 5. Nf3 Bg4 6. Be2 e6 7. h3 Bh5 8. O-O
Nc6 9. Be3 cxd4 10. cxd4 Be7 11. Nc3 Qd6 12. Nb5 Qb8 13. Ne5 Bxe2 14. Qxe2 O-O
15. Rac1 Nxe5 16. Bf4 Qd8 17. Bxe5 a6 18. Nc7 Rc8 19. Qf3 Nd5 20. Nxe6 fxe6 21.
Qg4 Rf7 22. Qxe6 Rxc1 23. Rxc1 Bf8 24. Qg4 Qd7 25. Qe4 Re7 26. a3 Re8 27. Qf3
Qf7 28. Qg4 Qe6 29. Qg3 Rc8 30. Re1 Qf7 31. Qd3 Be7 32. Qb3 Bf6 33. g3 Rc6 34.
Re2 g6 35. Kh2 Kg7 36. f4 Rc1 37. Qf3 Rc6 38. Qe4 Kf8 39. Rf2 Ne7 40. Qe1 Qd5
41. Re2 Bxe5 42. dxe5 Qd3 43. Qd2 Qxd2 44. Rxd2 Kf7 45. Kg2 Ke6 46. Kf3 Nd5 47.
Kg4 h6 48. h4 Rc4 49. Rd3 b5 50. h5 g5 51. b3 Re4 52. Kf3 Re1 53. fxg5 hxg5 54.
h6 Rh1 55. Ke4 Re1+ 56. Kd4 Rh1 57. Ke4 1/2-1/2

[Event "Spiltan & Pelaro 2005"]
[Site "?"]
[Date "2005.06.16"]
[Round "6"]
[White "Kyndel Pedersen, Christian"]
[Black "Moberg, Karl Johan"]
[Result "1-0"]
[WhiteElo "2396"]
[BlackElo "2354"]
[PlyCount "60"]
[EventDate "2005.06.11"]
[SourceDate "2005.06.11"]

1. e4 e5 2. Nf3 Nc6 3. Bb5 a6 4. Ba4 Nf6 5. O-O b5 6. Bb3 Bc5 7. c3 d6 8. a4
Bb7 9. d4 Bb6 10. Bg5 exd4 11. cxd4 h6 12. Bxf6 Qxf6 13. Bd5 O-O 14. Na3 Rfb8
15. Nc2 bxa4 16. Rxa4 Ne7 17. Bxb7 Rxb7 18. Qd3 a5 19. Ne3 c6 20. b4 Rba7 21.
b5 cxb5 22. Qxb5 Rb8 23. Rfa1 Qe6 24. d5 Qc8 25. Qe2 Bxe3 26. Qxe3 Rab7 27. h3
Rb1+ 28. Rxb1 Rxb1+ 29. Kh2 Rb5 30. Qa3 Qc2 1-0

[Event "Spiltan & Pelaro 2005"]
[Site "?"]
[Date "2005.06.16"]
[Round "6"]
[White "Svensson, Bengt"]
[Black "Groenn, Atle"]
[Result "1-0"]
[WhiteElo "2390"]
[BlackElo "2397"]
[PlyCount "149"]
[EventDate "2005.06.11"]
[SourceDate "2005.06.11"]

1. e4 c6 2. d4 d5 3. exd5 cxd5 4. c4 Nf6 5. Nc3 Nc6 6. Nf3 Bg4 7. cxd5 Nxd5 8.
Qb3 Nb6 9. d5 Bxf3 10. gxf3 Nd4 11. Qd1 e5 12. dxe6 Bc5 13. Be3 O-O 14. b4 Bxb4
15. Qxd4 Qxd4 16. Bxd4 Na4 17. exf7+ Kxf7 18. Bc4+ Ke7 19. Rb1 Bxc3+ 20. Bxc3
Nxc3 21. Rxb7+ Kf6 22. O-O Rfc8 23. Bb3 Rcb8 24. Rf7+ Kg6 25. Re7 Rb6 26. Rfe1
a6 27. f4 Kf6 28. Rf7+ Kg6 29. f5+ Kg5 30. Rxg7+ Kxf5 31. Rxh7 Rd8 32. Rf7+ Kg6
33. Rf3 Nb5 34. Kh1 Kg7 35. Rf7+ Kh6 36. Rg1 Nd4 37. Rf4 Rb5 38. Rf6+ Kh7 39.
Rf7+ Kh6 40. Rf6+ Kh7 41. Bc4 Rh5 42. Bxa6 Rg8 43. Bd3+ Kh8 44. Rxg8+ Kxg8 45.
Rf4 Nc6 46. a4 Kg7 47. Bb5 Na7 48. Be8 Ra5 49. Rf7+ Kh6 50. Rb7 Kg5 51. Kg2 Kf6
52. Bb5 Nc8 53. h4 Ra8 54. Rd7 Ne7 55. Rd4 Nf5 56. Rb4 Ke5 57. Bc6 Ra6 58. Re4+
Kd6 59. Bb5 Ra7 60. Kh3 Kd5 61. Rg4 Ke5 62. Bd3 Nd4 63. a5 Nb3 64. a6 Nc5 65.
Be2 Nxa6 66. Ra4 Rf7 67. Ra5+ Ke4 68. Bxa6 Rxf2 69. Kg4 Rg2+ 70. Kh5 Rb2 71.
Rb5 Rxb5+ 72. Bxb5 Kf5 73. Kh6 Kf6 74. h5 Kf7 75. Kh7 1-0

[Event "Spiltan & Pelaro 2005"]
[Site "?"]
[Date "2005.06.17"]
[Round "7"]
[White "Nithander, Victor"]
[Black "Kyndel Pedersen, Christian"]
[Result "1/2-1/2"]
[WhiteElo "2232"]
[BlackElo "2396"]
[PlyCount "32"]
[EventDate "2005.06.11"]
[SourceDate "2005.06.11"]

1. e4 c5 2. Nf3 d6 3. d4 cxd4 4. Nxd4 Nf6 5. Nc3 a6 6. Bg5 e6 7. f4 Qc7 8. Bxf6
gxf6 9. Qd2 Nc6 10. Nxc6 bxc6 11. O-O-O Rb8 12. Bc4 h5 13. Kb1 Qa5 14. Bb3 Be7
15. h4 Qb4 16. Qd3 a5 1/2-1/2

[Event "Spiltan & Pelaro 2005"]
[Site "?"]
[Date "2005.06.17"]
[Round "7"]
[White "Moberg, Karl Johan"]
[Black "Svensson, Bengt"]
[Result "1/2-1/2"]
[WhiteElo "2354"]
[BlackElo "2390"]
[PlyCount "46"]
[EventDate "2005.06.11"]
[SourceDate "2005.06.11"]

1. d4 d5 2. c4 dxc4 3. Nf3 a6 4. e3 b5 5. a4 Bb7 6. axb5 axb5 7. Rxa8 Bxa8 8.
b3 cxb3 9. Bxb5+ c6 10. Bc4 e6 11. Qxb3 Nd7 12. O-O Be7 13. Rd1 Ngf6 14. Nc3
O-O 15. Ne5 Nd5 16. Nxd7 Qxd7 17. Bxd5 cxd5 18. Ba3 Bxa3 19. Qxa3 Bc6 20. Rb1
h6 21. h3 Ra8 22. Qc5 Rc8 23. Ne2 Ba4 1/2-1/2

[Event "Spiltan & Pelaro 2005"]
[Site "?"]
[Date "2005.06.17"]
[Round "7"]
[White "Åkesson, Joel"]
[Black "Rendle, Thomas"]
[Result "1-0"]
[WhiteElo "2345"]
[BlackElo "2396"]
[PlyCount "81"]
[EventDate "2005.06.11"]
[SourceDate "2005.06.11"]

1. d4 f5 2. Nc3 Nf6 3. Bg5 d5 4. Bxf6 exf6 5. e3 Be6 6. Qf3 Qd7 7. Bb5 Nc6 8.
Nge2 a6 9. Ba4 b5 10. Bb3 Ne7 11. h4 c6 12. Nf4 Rd8 13. h5 Nc8 14. Nd3 Bd6 15.
Ne2 O-O 16. c3 Qe7 17. Ndf4 Bxf4 18. Nxf4 Nd6 19. Nd3 Bc8 20. Bc2 Ne4 21. a4
Rfe8 22. Qf4 Rd6 23. O-O Rdd8 24. Nb4 Qd7 25. axb5 axb5 26. Rfe1 Nd6 27. Bd3
Re7 28. Ra8 Ree8 29. Rea1 Bb7 30. R8a7 Ra8 31. Rxa8 Bxa8 32. Na6 g5 33. hxg6
hxg6 34. Nc5 Qe7 35. Qh6 Qg7 36. Qxg7+ Kxg7 37. Ra7+ Kh6 38. Rd7 Nc8 39. g3 Rf8
40. Ne6 Rg8 41. Rf7 1-0

[Event "Spiltan & Pelaro 2005"]
[Site "?"]
[Date "2005.06.17"]
[Round "7"]
[White "Groenn, Atle"]
[Black "Landgren, Philip"]
[Result "1/2-1/2"]
[WhiteElo "2397"]
[BlackElo "2227"]
[PlyCount "57"]
[EventDate "2005.06.11"]
[SourceDate "2005.06.11"]

1. e4 e5 2. Nf3 Nc6 3. d4 exd4 4. Nxd4 Nf6 5. Nxc6 bxc6 6. e5 Qe7 7. Qe2 Nd5 8.
c4 Ba6 9. b3 g5 10. h4 Bg7 11. Bb2 O-O-O 12. hxg5 Qxg5 13. Qd2 Nf4 14. g3 Bxe5
15. gxf4 Bxf4 16. Qd3 Rhe8+ 17. Be2 d5 18. Kf1 dxc4 19. Qh3+ Kb8 20. Nc3 Rd2
21. Ba3 Rexe2 22. Nxe2 Rxe2 23. Kxe2 c3+ 24. Kf3 c5 25. Qh5 Bb7+ 26. Ke2 Ba6+
27. Kf3 Bb7+ 28. Ke2 Ba6+ 29. Kf3 1/2-1/2

[Event "Spiltan & Pelaro 2005"]
[Site "?"]
[Date "2005.06.17"]
[Round "7"]
[White "Vesterbaek Pedersen, Nicolai"]
[Black "Sagit, Rauan"]
[Result "1-0"]
[WhiteElo "2460"]
[BlackElo "2174"]
[PlyCount "83"]
[EventDate "2005.06.11"]
[SourceDate "2005.06.11"]

1. d4 Nf6 2. c4 e6 3. Nc3 Bb4 4. Nf3 c5 5. g3 h6 6. Bg2 Ne4 7. Qd3 Qa5 8. Qxe4
Bxc3+ 9. Bd2 Bxd2+ 10. Nxd2 O-O 11. dxc5 Rd8 12. Qh4 Nc6 13. a3 d5 14. cxd5
exd5 15. b4 Qb5 16. Nb1 Qa4 17. O-O Qb3 18. Nd2 Qb2 19. Rfd1 Be6 20. Qf4 a5 21.
Rdb1 Qc3 22. Rc1 Qb2 23. Rcb1 Qc3 24. Rc1 Qb2 25. Rab1 Qxa3 26. b5 Ne7 27. Nf3
Rac8 28. Ra1 Qb2 29. Rxa5 Qxe2 30. Nd4 Qh5 31. Ra7 Ng6 32. Qe3 Re8 33. Rxb7 Bg4
34. Qd2 Ne5 35. c6 Nc4 36. Qf4 Ne5 37. Qd2 Nc4 38. Qf4 Ne5 39. Bf1 Bh3 40. Bxh3
Qxh3 41. Qf5 Qxf5 42. Nxf5 1-0

[Event "Spiltan & Pelaro 2005"]
[Site "?"]
[Date "2005.06.18"]
[Round "8"]
[White "Sagit, Rauan"]
[Black "Åkesson, Joel"]
[Result "1-0"]
[WhiteElo "2174"]
[BlackElo "2345"]
[PlyCount "57"]
[EventDate "2005.06.11"]
[SourceDate "2005.06.11"]

1. e4 e6 2. d4 d5 3. Nc3 Bb4 4. Nge2 Nf6 5. e5 Ne4 6. a3 Nxc3 7. Nxc3 Bf8 8.
Qg4 c5 9. dxc5 Nd7 10. Bf4 Nxc5 11. b4 Nd7 12. Nb5 g6 13. c4 h5 14. Qg3 h4 15.
Qe3 a6 16. Bg5 Be7 17. Bxe7 Kxe7 18. Nd6 Rh5 19. f4 dxc4 20. Be2 Rh8 21. f5
exf5 22. Qg5+ f6 23. Nxf5+ gxf5 24. Qg7+ Ke6 25. Bxc4+ Kxe5 26. O-O-O Qb6 27.
Rhe1+ Kf4 28. Rf1+ Ke3 29. Rf3+ 1-0

[Event "Spiltan & Pelaro 2005"]
[Site "?"]
[Date "2005.06.18"]
[Round "8"]
[White "Rendle, Thomas"]
[Black "Groenn, Atle"]
[Result "1/2-1/2"]
[WhiteElo "2396"]
[BlackElo "2397"]
[PlyCount "25"]
[EventDate "2005.06.11"]
[SourceDate "2005.06.11"]

1. e4 c5 2. Nf3 Nc6 3. Bb5 g6 4. O-O Bg7 5. Bxc6 dxc6 6. d3 Nf6 7. h3 Nd7 8.
Nc3 e5 9. Be3 Qe7 10. Qd2 Nf8 11. Bh6 f6 12. Bxg7 Qxg7 13. a3 1/2-1/2

[Event "Spiltan & Pelaro 2005"]
[Site "?"]
[Date "2005.06.18"]
[Round "8"]
[White "Kyndel Pedersen, Christian"]
[Black "Vesterbaek Pedersen, Nicolai"]
[Result "1/2-1/2"]
[WhiteElo "2396"]
[BlackElo "2460"]
[PlyCount "33"]
[EventDate "2005.06.11"]
[SourceDate "2005.06.11"]

1. e4 e5 2. Nf3 Nc6 3. Bb5 Nf6 4. O-O Nxe4 5. d4 Nd6 6. Bxc6 dxc6 7. dxe5 Nf5
8. Qxd8+ Kxd8 9. Nc3 Bd7 10. Rd1 Kc8 11. Ng5 Be8 12. b3 b6 13. Bb2 Be7 14. Nge4
Kb7 15. Rd3 Rd8 16. Rxd8 Bxd8 17. Rd1 1/2-1/2

[Event "Spiltan & Pelaro 2005"]
[Site "?"]
[Date "2005.06.18"]
[Round "8"]
[White "Svensson, Bengt"]
[Black "Landgren, Philip"]
[Result "1/2-1/2"]
[WhiteElo "2390"]
[BlackElo "2227"]
[PlyCount "34"]
[EventDate "2005.06.11"]
[SourceDate "2005.06.11"]

1. e4 e5 2. Nf3 Nc6 3. Bb5 a6 4. Ba4 Nf6 5. O-O b5 6. Bb3 Bc5 7. Nxe5 Nxe5 8.
d4 Bxd4 9. Qxd4 d6 10. c3 c5 11. Qd1 Bb7 12. f3 O-O 13. Bg5 h6 14. Bh4 Ng6 15.
Bg3 d5 16. exd5 Nxd5 17. Bxd5 Bxd5 1/2-1/2

[Event "Spiltan & Pelaro 2005"]
[Site "?"]
[Date "2005.06.18"]
[Round "8"]
[White "Moberg, Karl Johan"]
[Black "Nithander, Victor"]
[Result "1/2-1/2"]
[WhiteElo "2354"]
[BlackElo "2232"]
[PlyCount "79"]
[EventDate "2005.06.11"]
[SourceDate "2005.06.11"]

1. d4 Nf6 2. c4 g6 3. Nc3 Bg7 4. e4 d6 5. Nf3 O-O 6. Be2 e5 7. d5 Na6 8. Nd2 h5
9. h4 Bh6 10. Nf3 Bxc1 11. Qxc1 Kg7 12. Ng5 Qe7 13. Qd2 c5 14. a3 Bd7 15. g3
Nc7 16. O-O a6 17. Rfb1 a5 18. a4 Na6 19. Bf1 Nh7 20. Nxh7 Kxh7 21. Kh2 Nb4 22.
Bh3 f5 23. exf5 gxf5 24. Rf1 Qf7 25. Rae1 Rae8 26. b3 Rg8 27. Ne2 Re7 28. Ng1
e4 29. Ne2 Nd3 30. Nf4 Nxe1 31. Rxe1 b6 32. Re3 Re5 33. Qd1 Be8 34. Qd2 Qf6 35.
Qd1 Qh6 36. Qd2 Bf7 37. Qd1 Kg7 38. Bf1 Kf8 39. Be2 Rh8 40. Kh3 1/2-1/2

[Event "Spiltan & Pelaro 2005"]
[Site "?"]
[Date "2005.06.19"]
[Round "9"]
[White "Åkesson, Joel"]
[Black "Kyndel Pedersen, Christian"]
[Result "1-0"]
[WhiteElo "2345"]
[BlackElo "2396"]
[PlyCount "157"]
[EventDate "2005.06.11"]
[SourceDate "2005.06.11"]

1. d4 Nf6 2. Bg5 e6 3. e4 h6 4. Bxf6 Qxf6 5. c3 d6 6. Bd3 Nc6 7. Ne2 Bd7 8. O-O
O-O-O 9. b4 g5 10. b5 Ne7 11. a4 Kb8 12. a5 Nc8 13. Nd2 d5 14. Qb3 c5 15. bxc6
Bxc6 16. Rfb1 Qe7 17. e5 f6 18. Ra2 Bg7 19. Nf3 f5 20. Ne1 Bf8 21. Rab2 Rh7 22.
Nc2 Qd7 23. Nb4 Bxb4 24. Qxb4 Qe7 25. Qb3 Qc7 26. Qa3 b6 27. g4 Rf7 28. gxf5
exf5 29. Ng3 Rdf8 30. Nh5 Bb7 31. Nf6 Rxf6 32. exf6 Rxf6 33. axb6 axb6 34. Re2
f4 35. f3 Qd7 36. Qc1 g4 37. Bb5 Qg7 38. Rg2 h5 39. Qe1 Rf5 40. Qh4 Rg5 41. h3
Qg6 42. Rd1 Nd6 43. Bd3 Qf6 44. hxg4 Bc8 45. Rf1 Kb7 46. Qf2 Kc6 47. Qd2 hxg4
48. fxg4 f3 49. Qe3 Bxg4 50. Rxf3 Qxf3 51. Qxf3 Bxf3 52. Rxg5 Be4 53. Be2 Bc2
54. Rh5 Ne4 55. Rh6+ Kb7 56. Rh3 Kc6 57. Kf1 Bb3 58. Ke1 Ba2 59. Bf1 Bb3 60.
Bg2 Bc2 61. Rh8 Bd3 62. Bxe4 Bxe4 63. Kd2 Kb5 64. Rc8 Bg2 65. Ke3 Bh3 66. Rc7
Bg2 67. Kf4 Bh1 68. Ke5 Bg2 69. c4+ dxc4 70. d5 Kb4 71. d6 Bh3 72. Kd4 b5 73.
d7 Bxd7 74. Rxd7 Kb3 75. Rc7 Kc2 76. Rc5 Kd2 77. Rh5 Kc2 78. Rxb5 c3 79. Rc5
1-0

[Event "Spiltan & Pelaro 2005"]
[Site "?"]
[Date "2005.06.19"]
[Round "9"]
[White "Groenn, Atle"]
[Black "Sagit, Rauan"]
[Result "1-0"]
[WhiteElo "2397"]
[BlackElo "2174"]
[PlyCount "97"]
[EventDate "2005.06.11"]
[SourceDate "2005.06.11"]

1. Nf3 Nf6 2. c4 e6 3. g3 d5 4. d4 Be7 5. Bg2 c5 6. cxd5 exd5 7. O-O O-O 8. Nc3
Nc6 9. Bg5 cxd4 10. Nxd4 h6 11. Be3 Ne5 12. Qb3 Nc4 13. Bf4 Bc5 14. Rad1 Bb6
15. Nxd5 Nxd5 16. Nb5 Nxf4 17. Rxd8 Rxd8 18. Qxc4 Nxg2 19. Kxg2 Be6 20. Qb4
Rac8 21. Nc3 Rd4 22. Qe7 Rd7 23. Qa3 Bc5 24. b4 Bd4 25. Nb5 Bb6 26. Rc1 Rcd8
27. Qb2 a6 28. Nc3 Bd4 29. Qa3 Bf6 30. Ne4 Bd5 31. f3 Bxe4 32. fxe4 Rd2 33. Qf3
Be5 34. Rc5 f6 35. Rd5 Rd6 36. Qg4 R2xd5 37. exd5 Rd8 38. e4 Kf8 39. Qe6 Bd6
40. a3 Be5 41. Kf3 Re8 42. Qd7 Re7 43. Qc8+ Kf7 44. a4 Bd6 45. b5 a5 46. b6 Bb4
47. Qd8 Re8 48. Qc7+ Kf8 49. d6 1-0

[Event "Spiltan & Pelaro 2005"]
[Site "?"]
[Date "2005.06.19"]
[Round "9"]
[White "Nithander, Victor"]
[Black "Svensson, Bengt"]
[Result "1/2-1/2"]
[WhiteElo "2232"]
[BlackElo "2390"]
[PlyCount "73"]
[EventDate "2005.06.11"]
[SourceDate "2005.06.11"]

1. e4 c5 2. Nf3 d6 3. d4 cxd4 4. Nxd4 Nf6 5. Nc3 a6 6. Bg5 e6 7. f4 Nbd7 8. Qf3
Qc7 9. O-O-O Be7 10. g4 b5 11. Bxf6 Nxf6 12. g5 Nd7 13. f5 Bxg5+ 14. Kb1 Ne5
15. Qh5 Qe7 16. fxe6 g6 17. exf7+ Kxf7 18. Qe2 Bg4 19. Qf2+ Qf6 20. Qxf6+ Bxf6
21. Be2 Bxe2 22. Ndxe2 Nc4 23. Rhf1 Kg7 24. Nd5 Bxb2 25. Nc7 Be5 26. Nxa8 Rxa8
27. Rf2 Ne3 28. Rd3 Ng4 29. Rg2 Nf6 30. Ng3 Kf7 31. Re2 Rc8 32. Nf1 Rc4 33. Nd2
Rb4+ 34. Rb3 Rd4 35. Rd3 Rb4+ 36. Rb3 Rd4 37. Rd3 1/2-1/2

[Event "Spiltan & Pelaro 2005"]
[Site "?"]
[Date "2005.06.19"]
[Round "9"]
[White "Vesterbaek Pedersen, Nicolai"]
[Black "Moberg, Karl Johan"]
[Result "1-0"]
[WhiteElo "2460"]
[BlackElo "2354"]
[PlyCount "113"]
[EventDate "2005.06.11"]
[SourceDate "2005.06.11"]

1. Nf3 Nf6 2. c4 g6 3. Nc3 d5 4. Qa4+ Bd7 5. Qb3 dxc4 6. Qxc4 Bg7 7. d4 Bc6 8.
Ne5 O-O 9. Bg5 Nfd7 10. Nxc6 Nxc6 11. e3 Nb6 12. Qb3 Qd7 13. Be2 e5 14. d5 Ne7
15. e4 c6 16. a4 cxd5 17. a5 Nbc8 18. Nxd5 Nxd5 19. Rd1 Nce7 20. Bxe7 Qxe7 21.
Rxd5 Rfd8 22. Bc4 Qc7 23. O-O Bf8 24. Rb5 Rab8 25. Rc1 b6 26. Rc3 Bc5 27. Bd5
Kg7 28. Qc2 Qe7 29. Rbb3 Bd4 30. Rc7 Rd7 31. Rc6 Rd6 32. Rf3 Rf8 33. axb6 axb6
34. b3 Rxc6 35. Qxc6 Bc5 36. h3 Bd4 37. g3 Bc5 38. Kg2 Bd4 39. h4 h5 40. b4 f6
41. b5 Bc5 42. Rd3 Rd8 43. Rd2 Rd6 44. Qa8 Rd8 45. Qa1 Bd4 46. Qc1 f5 47. Rc2
Bc5 48. Ra2 f4 49. Qa1 Bd4 50. Ra7 Rd7 51. Rxd7 Qxd7 52. Qa8 Kh6 53. Qh8+ Qh7
54. Qd8 Qg7 55. Bg8 Qb7 56. Kf3 fxg3 57. Qf6 1-0

[Event "Spiltan & Pelaro 2005"]
[Site "?"]
[Date "2005.06.19"]
[Round "9"]
[White "Landgren, Philip"]
[Black "Rendle, Thomas"]
[Result "0-1"]
[WhiteElo "2227"]
[BlackElo "2396"]
[PlyCount "116"]
[EventDate "2005.06.11"]
[SourceDate "2005.06.11"]

1. d4 e6 2. c4 f5 3. Nc3 Nf6 4. g3 Be7 5. Bg2 O-O 6. Nf3 d6 7. O-O a5 8. Re1
Ne4 9. Qc2 Nxc3 10. bxc3 Nc6 11. d5 Nb8 12. dxe6 c5 13. Rb1 Nc6 14. e4 Bxe6 15.
Rxb7 Qc8 16. Rb2 Ra6 17. Ng5 Bxg5 18. Bxg5 Ne5 19. Qd1 Bxc4 20. Rd2 fxe4 21.
Bxe4 Qh3 22. Bg2 Qf5 23. f4 Nf7 24. Be4 Qh3 25. Bg2 Qd7 26. Re7 Qc8 27. Qh5 g6
28. Qh4 Rb6 29. h3 Re8 30. Kh2 Rxe7 31. Bxe7 d5 32. Bf6 Qe6 33. Be5 a4 34. Qg4
Nxe5 35. fxe5 Qxe5 36. Qc8+ Kg7 37. Qxc5 Rf6 38. Qd4 Qxd4 39. Rxd4 Rf5 40. Kg1
a3 41. g4 Re5 42. Kf2 Re2+ 43. Kg3 Bxa2 44. Bxd5 Bxd5 45. Rxd5 Re3+ 46. Kf4
Rxc3 47. Rd7+ Kf6 48. Ra7 Rxh3 49. g5+ Ke6 50. Kg4 Rb3 51. Ra4 Ke5 52. Ra7 Rc3
53. Re7+ Kd5 54. Ra7 Kc4 55. Rxh7 a2 56. Ra7 Kb3 57. Rb7+ Kc2 58. Ra7 Kb2 0-1